| 000 | 00706nam a22002417a 4500 | ||
|---|---|---|---|
| 005 | 20170124105951.0 | ||
| 010 | _a380215 | ||
| 020 | _c00.00 | ||
| 035 | _a380215 | ||
| 037 | _bCen Lib/Ret | ||
| 040 |
_aDPL _bEN |
||
| 082 |
_a291 _bWHI |
||
| 100 |
_aWhite, Anne Terry _913529 |
||
| 245 |
_aMyths and legends / _cby Anne Terry White; illustrated by Alice [and] Martin Provensen |
||
| 260 |
_aLondon _bPaul Hamilton _c1959 |
||
| 270 |
_bLondon _awestbook house, fulham broadway |
||
| 300 |
_a163p. ; _c27cm(Hb) _bill. |
||
| 650 |
_aMyths _913530 |
||
| 650 |
_aLegends _913531 |
||
| 700 |
_aAlice _913532 |
||
| 700 |
_aProvensen, Martin _913533 |
||
| 942 |
_2ddc _cEN _h291 _mWHI |
||
| 999 |
_c125260 _d125260 |
||